01065naa#a2200205#i#4500001001600000005001700016011001400033100004100047102000700088200019500095210005800290215001000348608004500358675022500403700004800628700005200676700006200728700005800790856001100848RU\\bibl\12664720260703175611.5##a2587-6740##a20260615b2026####ek#y0rusy0150####ca##aRU1#aСостояние растениеводства региона в условиях повышения рискованности производстваeЖурнальная статья1#aМоскваcЭлектронная наукаd2026##a3 с.##aЖурнальная статья2local##aЭкономика сельского хозяйства. Продовольственный комплекс. 338.43aРегиональная экономика. Территориальная экономика. 332.1#1aЗюкинgДанил Алексеевич#1aСвятоваgОльга Викторовна#1aАлексеенкоgАлександр Иванович#1aНоздрачеваgЕлена Николаевна4#aqje.su